=LDR 00000nam 2200000 4500 =001 INLIS000000000042809 =005 20131008015623 =008 ***********************************Ind** =035 ##$$0010-101300000000731 =041 ##$$a Ind =082 ##$$a 658.405 8 =090 ##$$a 658.405 8, Boy s =100 ##$$a Boy S. Sabarguna =245 ##$$a Sistem informasi manajemen obat, Dr.dr.H. Boy S. Sabarguna, MARS =260 ##$$a 2008 $b Jakarta =300 ##$$a x, 137 hlm. 134 - 136 =650 ##$$a Sistem Informasi - Manajemen Obat =850 ##$$a NBPNMAT =990 ##$$a 0001/BPAP-NTB/2016 =990 ##$$a 21300927